<?xml version="1.0" encoding="UTF-8"?>
<record
    xmlns:xsi="http://www.w3.org/2001/XMLSchema-instance"
    xsi:schemaLocation="http://www.loc.gov/MARC21/slim http://www.loc.gov/standards/marcxml/schema/MARC21slim.xsd"
    xmlns="http://www.loc.gov/MARC21/slim">

  <leader>00717nam a2200217Ia 4500</leader>
  <controlfield tag="001">12403</controlfield>
  <controlfield tag="003">GE_BSU</controlfield>
  <controlfield tag="008">181216s||||||||xx |||||||||||||| ||und||</controlfield>
  <datafield tag="040" ind1=" " ind2=" ">
    <subfield code="c">GE_BSU</subfield>
  </datafield>
  <datafield tag="080" ind1=" " ind2=" ">
    <subfield code="a">632</subfield>
  </datafield>
  <datafield tag="100" ind1=" " ind2=" ">
    <subfield code="a">&#x42F;&#x447;&#x435;&#x432;&#x441;&#x43A;&#x438;&#x439;,&#x410;.&#x410;.</subfield>
  </datafield>
  <datafield tag="245" ind1=" " ind2=" ">
    <subfield code="a">&#x411;&#x430;&#x43A;&#x442;&#x435;&#x440;&#x438;&#x43E;&#x437;&#x44B; &#x440;&#x430;&#x441;&#x442;&#x435;&#x43D;&#x438;&#x438;=Bacterial Plant Diseases</subfield>
  </datafield>
  <datafield tag="245" ind1=" " ind2=" ">
    <subfield code="c">&#x420;&#x435;&#x434;.&#x41D;.&#x410;.&#x41D;&#x430;&#x443;&#x43C;&#x43E;&#x432;</subfield>
  </datafield>
  <datafield tag="260" ind1=" " ind2=" ">
    <subfield code="a">&#x41C;-&#x41B;</subfield>
  </datafield>
  <datafield tag="260" ind1=" " ind2=" ">
    <subfield code="b">&#x413;&#x43E;&#x441;&#x438;&#x437;&#x434;&#x430;&#x442;</subfield>
  </datafield>
  <datafield tag="260" ind1=" " ind2=" ">
    <subfield code="c">1935</subfield>
  </datafield>
  <datafield tag="300" ind1=" " ind2=" ">
    <subfield code="a">709&#x441;&#x442;&#x440;.26&#x441;&#x43C;.</subfield>
  </datafield>
  <datafield tag="300" ind1=" " ind2=" ">
    <subfield code="e">&#x443;&#x43A;&#x430;&#x437;&#x430;&#x442;&#x435;&#x43B;&#x438;:&#x41F;&#x440;&#x435;&#x434;&#x43C;&#x435;&#x442;&#x43D;&#x44B;&#x439;,&#x43D;&#x430;&#x437;&#x432;&#x430;&#x43D;&#x438;&#x438; &#x43F;&#x438;&#x442;&#x430;&#x44E;&#x449;&#x438;&#x445; &#x440;&#x430;&#x441;&#x442;&#x435;&#x43D;&#x438;&#x438;,&#x432;&#x438;&#x434;&#x43E;&#x432;&#x44B;&#x445; &#x438; &#x440;&#x43E;&#x434;&#x43E;&#x432;&#x44B;&#x445; &#x43D;&#x430;&#x437;&#x432;&#x430;&#x43D;&#x438;&#x438; &#x431;&#x430;&#x43A;&#x442;&#x435;&#x440;&#x438;&#x438; &#x441;&#x442;&#x440;.678</subfield>
  </datafield>
  <datafield tag="653" ind1=" " ind2=" ">
    <subfield code="a">&#x411;&#x430;&#x43A;&#x442;&#x435;&#x440;&#x438;&#x43E;&#x437;&#x44B; &#x440;&#x430;&#x441;&#x442;&#x435;&#x43D;&#x438;&#x438;</subfield>
  </datafield>
  <datafield tag="942" ind1=" " ind2=" ">
    <subfield code="c">BK</subfield>
  </datafield>
  <datafield tag="999" ind1=" " ind2=" ">
    <subfield code="c">45577</subfield>
    <subfield code="d">45577</subfield>
  </datafield>
  <datafield tag="952" ind1=" " ind2=" ">
    <subfield code="0">0</subfield>
    <subfield code="1">0</subfield>
    <subfield code="4">0</subfield>
    <subfield code="7">0</subfield>
    <subfield code="9">59658</subfield>
    <subfield code="d">2018-12-17</subfield>
    <subfield code="p">20745</subfield>
    <subfield code="r">2018-12-17</subfield>
    <subfield code="w">2018-12-17</subfield>
    <subfield code="y">BK</subfield>
  </datafield>
</record>
